00274nam a2200097Ia 4500008004100000082001200041100001700053245008500070260000900155300001200164190415s9999 xx 000 0 und d aRL.0015 aLidhoo, M.L. 0aChild rearing practices of Canal boat families: their psycho-social and cultural c1985 a67, 5p.